สยบดราม่าในองค์กร = (Record no. 37481)
[ view plain ]
| 000 -LEADER | |
|---|---|
| fixed length control field | 02160nam a22002177a 4500 |
| 003 - CONTROL NUMBER IDENTIFIER | |
| control field | TH-BaNU |
| 005 - DATE AND TIME OF LATEST TRANSACTION | |
| control field | 20230329135254.0 |
| 008 - FIXED-LENGTH DATA ELEMENTS--GENERAL INFORMATION | |
| fixed length control field | 230329b2022 TH ||||| |||| 00| 0 tha d |
| 020 ## - INTERNATIONAL STANDARD BOOK NUMBER | |
| International Standard Book Number | 9786160837182 |
| 040 ## - CATALOGING SOURCE | |
| Original cataloging agency | TH-BaNU |
| 100 ## - MAIN ENTRY--PERSONAL NAME | |
| Personal name | มนตรี แสงภัทราชัย |
| 245 ## - TITLE STATEMENT | |
| Title | สยบดราม่าในองค์กร = |
| Remainder of title | Stop Workplace Drama |
| 260 ## - PUBLICATION, DISTRIBUTION, ETC. | |
| Place of publication, distribution, etc. | กรุงเทพฯ: |
| Name of publisher, distributor, etc. | เชนจ์พลัส: |
| Date of publication, distribution, etc. | 2565 |
| 300 ## - PHYSICAL DESCRIPTION | |
| Extent | 176 หน้า: |
| Other physical details | ภาพประกอบ |
| 520 ## - SUMMARY, ETC. | |
| Summary, etc. | พบกับผลงานที่ไม่ธรรมดาของโค้ชระดับแนวหน้าของประเทศ ที่มีความรู้ความสามารถในเรื่องศาสตร์การโค้ชบนพื้นฐานหลักการทำงานของสมอง ไขความลับสู่ความสำเร็จแห่งการบริหารจัดการความขัดแย้งของคนทุกระดับในองค์กรอย่างสร้างสรรค์และยั่งยืน และศาสตร์แห่งการโค้ชตนเอง ซึ่งนำไปใช้ได้จริงในชีวิตการทำงานและชีวิตส่วนตัว สามารถใช้เป็นคู่มือการโค้ชตนเองและทีมงาน เพื่อช่วยดึงศักยภาพด้านบริหารจัดการดราม่าในตนเองและในองค์กร ให้ประสบความสำเร็จอย่างราบรื่น เกิดเป็นทีมเวิร์คที่แข็งแรง ยั่งยืน และมีความสุข |
| 650 ## - SUBJECT ADDED ENTRY--TOPICAL TERM | |
| Topical term or geographic name entry element | จิตวิทยาอุตสาหกรรม |
| 850 ## - HOLDING INSTITUTION | |
| Holding institution | Faculty of Sciences and Health Technology Library |
| 856 ## - ELECTRONIC LOCATION AND ACCESS | |
| Uniform Resource Identifier | <a href="https://se-ed.belibcloud.com/book-detail/18038">https://se-ed.belibcloud.com/book-detail/18038</a> |
| Link text | se-ed e-library |
| 942 ## - ADDED ENTRY ELEMENTS (KOHA) | |
| Source of classification or shelving scheme | Local Classification |
| Koha item type | Electronic books |
| 998 ## - STAFF NAME (NMU) | |
| Cataloger | Bee |
| Withdrawn status | Lost status | Source of classification or shelving scheme | Damaged status | Not for loan | Home library | Current library | Shelving location | Date acquired | Total Checkouts | Barcode | Date last seen | Price effective from | Koha item type |
|---|---|---|---|---|---|---|---|---|---|---|---|---|---|
| Local Classification | Online Access | Kuakarun Nursing Library | Kuakarun Nursing Library | Processing unit | 29/03/2023 | eb37481 | 29/03/2023 | 29/03/2023 | Electronic books |
